01606cam a2200385 a 4500001001400000003000800014005001700022006001900039007001500058008004100073020003800114040003000152049002600182050002300208082001200231245012500243260002800368300004300396504005100439520028100490521001700771588004700788650001600835650002900851650003000880650002400910655002900934700003000963700002900993710001601022776003501038856011201073942001601185999001901201EDZ0000067641StDuBDS20161031105125.0m||||||||d||||||||cr |||||||||||120405s2004 enka fo| 001|0|eng d a9781446211571 (ebook) :cNo price aStDuBDSbengcStDuBDSepn aAlfaisal Main Library 0aHD30.4b.E846 200404a65822300aEssential readings in management learningh[electronic resource] /cedited by Christopher Grey and Elena Antonacopoulou. aLondon :bSAGE,cc2004. a1 online resource (vi, 429 p.) :bill. aIncludes bibliographical references and index.8 aThis collection provides readings grouped under six key headings: organizational learning and learning organizations individual learning; learning and new technology; critical approaches to management education; pedagogical practice; and globalization and management learning. aSpecialized. aDescription based on print version record. 0aManagement. 0aOrganizational learning. 0aOrganizational sociology. 0aBusiness education. 7aElectronic books.2local1 aGrey, Christopher,d1964-1 aAntonacopoulou, Elena P.2 aSage eBooks08iPrint version :z978141290142040uhttp://ezproxy.alfaisal.edu/login?url=http://sk.sagepub.com/books/essential-readings-in-management-learning 2lcccEBOOKS c479804d479804